000 nam a22 7a 4500
999 _c46520
_d46520
003 OSt
005 20190417161610.0
008 190417b xxu||||| |||| 00| 0 eng d
040 _cIIMT UNIVERSITY
100 _aHENDERSON JAMES M
245 _aMICROECONOMIC THEORY
260 _aNEW DELHI
_bTMH PUB
_c2010
300 _a420
942 _2ddc
_c02
_e2010